000 00727nam a2200229 i 4500
001 133704
003 ES-MaACL
005 20240625125657.0
007 t|
008 170628s1981 ag ac |||| |dspa d
080 _a7 Seoane, Luis
100 1 _aAlva Negri, Tomás.
_920576
245 1 0 _aLuis Seoane /
_cpor Tomás Alva Negri.
260 _aBuenos Aires :
_bAcademia Nacional de Bellas Artes,
_c1981.
300 _a73 p. :
_bil. col. y n., retr. ;
_c30 cm.
490 1 _aMonografías de artistas argentinos
504 _aBibliografía: p. 73.
600 1 7 _aSeoane, Luis,
_d1910-1979
_2
_9155119
830 0 _aMonografías de artistas argentinos
_9219771
852 _aES-MaACL
_jL-31733
999 _c133704
_d133704